|
|
|
|
| LEADER |
00000nas a2200000 a 4500 |
| 001 |
ssj0000500963 |
| 003 |
WaSeSS |
| 005 |
20200512172242.0 |
| 006 |
m d |
| 007 |
cr n |
| 008 |
110223c20119999enkuu p s 0 0eng c |
| 010 |
|
|
|a 2011243625
|
| 016 |
7 |
|
|a 101564961
|2 DNLM
|
| 016 |
7 |
|
|a 018918518
|2 Uk
|
| 022 |
|
|
|a 2090-3499
|l 2090-3480
|y 2090-3480
|
| 035 |
|
|
|a (WaSeSS)ssj0000500963
|
| 040 |
|
|
|a SCB
|b eng
|e pn
|c SCB
|d NLM
|d OCLCQ
|d OCLCF
|d CUS
|d OCLCO
|d OCLCQ
|d OCLCO
|d OCLCQ
|d DLC
|d AU@
|d OCLCO
|d OCLCA
|d VT2
|d UKMGB
|d OCLCQ
|d WaSeSS
|
| 042 |
|
|
|a pcc
|
| 050 |
0 |
0 |
|a RA421
|
| 060 |
1 |
0 |
|a W1
|
| 210 |
1 |
0 |
|a Adv Prev Med
|2 dnlm
|
| 245 |
0 |
0 |
|a Advances in preventive medicine
|h [electronic resource].
|
| 260 |
|
|
|a Cairo :
|b Hindawi Pub. Corp.
|
| 362 |
1 |
|
|a Began with vol. 2011 (2011).
|
| 506 |
|
|
|a License restrictions may limit access.
|
| 515 |
|
|
|a Articles added consectively to current annual v.
|
| 588 |
|
|
|a Description based on: 2011 (2011); title from HTML header (publisher's Web site, viewed Feb. 23, 2011).
|
| 588 |
|
|
|a Latest issue consulted: Vol. 2017 (Hindawi web site, viewed May 31, 2017).
|
| 650 |
|
0 |
|a Medicine, Preventive
|v Periodicals.
|
| 650 |
1 |
2 |
|a Preventive Medicine.
|
| 650 |
|
7 |
|a Medicine, Preventive.
|2 fast
|0 (OCoLC)fst01015324
|
| 655 |
|
0 |
|a Electronic journals.
|
| 776 |
0 |
8 |
|i Print version:
|t Advances in preventive medicine
|x 2090-3480
|
| 850 |
|
|
|a DLC
|
| 856 |
4 |
0 |
|z Full text available from Research Library: 01/01/2012 to present
|u https://search.proquest.com/publication/2037475
|